| 000 | 00471nam a22001697a 4500 | ||
|---|---|---|---|
| 020 | _a9789394753112 | ||
| 082 |
_aM803 _bTEE/B |
||
| 100 | _aTeesta Setalvad | ||
| 245 |
_aBharanaghadanayude kavalal: _bormakurippukal/ _cby Teesta Setalvad |
||
| 260 |
_aThiruvananthapuram: _bChintha Publishers, _c2022. |
||
| 300 | _a236p. | ||
| 650 | _aMemoirs Teesta Setalvad | ||
| 650 | _aMemoirs Malayalam | ||
| 650 | _aLiterature Malayalam | ||
| 650 | _aLiterature | ||
| 942 | _cBK | ||
| 999 |
_c181854 _d181854 |
||